Shri Amarnathji Tirtha Kashmir / (Record no. 56285)

MARC details
000 -LEADER
fixed length control field 00803nam a2200217 a 4500
005 - DATE AND TIME OF LATEST TRANSACTION
control field 20110905120041.0
010 ## - LCCN (DPL NO)
LC control number G-001396
020 ## - INTERNATIONAL STANDARD BOOK NUMBER
Terms of availability 495.00
International Standard Book Number 9788189297558
035 ## - SYSTEM CONTROL NUMBER
System control number G-001396
037 ## - SOURCE OF ACQUISITION
Source of stock number/acquisition Gift
082 ## - DEWEY DECIMAL CLASSIFICATION NUMBER
Classification number 230.91
100 ## - MAIN ENTRY--PERSONAL NAME
Personal name Fida Mohammad Hassnain
245 ## - TITLE STATEMENT
Title Shri Amarnathji Tirtha Kashmir /
Statement of responsibility, etc by Fida Mohammad Hassnain
260 ## - PUBLICATION, DISTRIBUTION, ETC. (IMPRINT)
Place of publication, distribution, etc Srinagar
Name of publisher, distributor, etc Gulshan Books
Date of publication, distribution, etc 2009
270 ## - ADDRESS
Address Residency Road
City Srinagar
Postal code 190001
300 ## - PHYSICAL DESCRIPTION
Extent 117p.
Dimensions 23cm(Hb)
500 ## - GENERAL NOTE
General note Includes bibliographical references
942 ## - ADDED ENTRY ELEMENTS (KOHA)
Source of classification or shelving scheme Dewey Decimal Classification
Item type English Books
Call number suffix FID
Classification part 230.91
Holdings
Withdrawn status Lost status Not for loan Collection code Home library Current library Date acquired Source of acquisition Cost, normal purchase price Full call number Barcode Copy number Cost, replacement price Koha item type
      Non-fiction Janak Puri Janak Puri 05/09/2011 gift 495.00 230.91 FID G-001396 1 495.00 English Books

© Delhi Public Library
Hit Counter
free hit counter